书目信息 |
| 题名: |
作庭记
|
|
| 作者: | 秋元通明 著 ;陈靖远 译 | |
| 分册: | ||
| 出版信息: | 武汉 华中科技大学出版社 2017.3 |
|
| 页数: | 192页 | |
| 开本: | 21cm | |
| 丛书名: | ||
| 单 册: | ||
| 中图分类: | TU986.4 | |
| 科图分类: | ||
| 主题词: | 庭院--景观设计 | |
| 电子资源: | ||
| ISBN: | 978-7-5680-2054-1 | |
| 000 | 01358nam0 2200265 450 | |
| 001 | 0400004522 | |
| 005 | 20171024102654.0 | |
| 010 | @a978-7-5680-2054-1@dCNY39.00 | |
| 100 | @a20161019d2017 em y0chiy50 ea | |
| 101 | 1 | @achi@cjpn |
| 102 | @aCN@b420000 | |
| 105 | @aa z 000yy | |
| 106 | @ar | |
| 200 | 1 | @a作庭记@9zuo ting ji@e自然式庭院设计法则@f(日)秋元通明著@g陈靖远译 |
| 210 | @a武汉@c华中科技大学出版社@d2017.3 | |
| 215 | @a192页@c图@d21cm | |
| 305 | @a简体中文版由诚文堂新光社股份有限公司授权华中科技大学出版社有限责任公司在中华人民共和国境内出版、发行 | |
| 330 | @a本书是日本资深庭院设计师秋元通明根据多年实际设计案例经验而整理出的心得笔记,是一本有关庭院设计的方法论图书。编者从设计要点、植栽要点、施工要点、打理庭院树木几个方面深入分析解读了自然式风格庭院的设计方法和原则。编者还精挑细选了19个设计案例,通过展示设计案例的平面图、建成效果图和对设计方法的文字描述,让读者更直观、更透彻地理解了庭院设计的要点和法则。编者细致而清晰的解析,读者可以更好的理解自然式庭院的含义和特点,掌握空间构成、植栽设计、水景设计、石材应用等设计方法和施工要点。 | |
| 517 | 1 | @a自然式庭院设计法则@9zi ran shi ting yuan she ji fa ze |
| 606 | 0 | @a庭院@x景观设计 |
| 690 | @aTU986.4@v5 | |
| 701 | 0 | @c(日)@a秋元通明@9qiu yuan tong ming@4著 |
| 702 | 0 | @a陈靖远@9chen jing yuan@4译 |
| 801 | 0 | @aCN@b91MARC@c20171024 |
| 905 | @b1034946-50@dTU986.4@f5@e1218 | |
| 作庭记:自然式庭院设计法则/(日)秋元通明著/陈靖远译.-武汉:华中科技大学出版社,2017.3 |
| 192页:图;21cm |
| ISBN 978-7-5680-2054-1:CNY39.00 |
| 本书是日本资深庭院设计师秋元通明根据多年实际设计案例经验而整理出的心得笔记,是一本有关庭院设计的方法论图书。编者从设计要点、植栽要点、施工要点、打理庭院树木几个方面深入分析解读了自然式风格庭院的设计方法和原则。编者还精挑细选了19个设计案例,通过展示设计案例的平面图、建成效果图和对设计方法的文字描述,让读者更直观、更透彻地理解了庭院设计的要点和法则。编者细致而清晰的解析,读者可以更好的理解自然式庭院的含义和特点,掌握空间构成、植栽设计、水景设计、石材应用等设计方法和施工要点。 |
| ● |
| 相关链接 |
|
|
|
|
正题名:作庭记
索取号:TU986.4/1218
 
预约/预借
| 序号 | 登录号 | 条形码 | 馆藏地/架位号 | 状态 | 备注 |
| 1 | 1034946 | 210349461 | 第二样本阅览室/ [索取号:TU986.4/1218] | 在馆 | |
| 2 | 1034947 | 210349470 | 密集书库-生命科学系/ [索取号:TU986.4/1218] | 在馆 | |
| 3 | 1034948 | 210349489 | 第三借阅区/ [索取号:TU986.4/1218] | 在馆 | |
| 4 | 1034949 | 210349498 | 第三借阅区/ [索取号:TU986.4/1218] | 在馆 | |
| 5 | 1034950 | 210349504 | 第三借阅区/ [索取号:TU986.4/1218] | 在馆 |